Recuerdo de la vieja procesión de Corpus y leyenda de sus calles /
Descripción Física:
Il·lustracions
Colección:
San Jorge,
; núm. 18 (abril 1955), pàg 21-29
Idioma:
Español
MARC
| LEADER | 00000naa a2200000 a 4500 | ||
|---|---|---|---|
| 003 | Arxiu | ||
| 005 | 20260324181043.0 | ||
| 008 | 160829s1955 spcaxx s0 spa c | ||
| 040 | |a AGDB | ||
| 100 | 1 | |a Amades, Joan, |d 1890-1959 |9 21237 | |
| 245 | 1 | 0 | |a Recuerdo de la vieja procesión de Corpus y leyenda de sus calles / |c J. Amades |
| 300 | |b Il·lustracions | ||
| 490 | |a San Jorge, |v núm. 18 (abril 1955), pàg 21-29 | ||
| 590 | |a Conté 14 fotografies | ||
| 650 | 0 | |a Corpus Christi |z Barcelona (Catalunya) |9 54613 | |
| 650 | 0 | |a Carrers |9 49675 |2 Arxiu |x Catalunya |x Barcelona |x Història | |
| 773 | |g Núm. 18 (abril 1955), pàg 21-29 |t San Jorge. | ||
| 901 | |a Arxiu | ||
| 942 | |n 1 |2 udc |c ART | ||
| 952 | |0 0 |1 0 |4 0 |6 REV510 |7 1 |9 65124 |a Arxiu |b Arxiu |d 2023-01-25 |l 0 |o Rev-510 |r 2023-01-25 00:00:00 |w 2023-01-25 |y ARXIU |z També disponible a Rev-524 | ||
| 999 | |c 49935 |d 49935 | ||